Postgraduate Haematology (Record no. 1100)
[ view plain ]
| 000 -LEADER | |
|---|---|
| fixed length control field | 05427cam a22003734a 4500 |
| 001 - CONTROL NUMBER | |
| control field | 13649553 |
| 003 - CONTROL NUMBER IDENTIFIER | |
| control field | OSt |
| 005 - DATE AND TIME OF LATEST TRANSACTION | |
| control field | 20161114144513.0 |
| 008 - FIXED-LENGTH DATA ELEMENTS--GENERAL INFORMATION | |
| fixed length control field | 040707s2005 maua b 001 0 eng |
| 010 ## - LIBRARY OF CONGRESS CONTROL NUMBER | |
| LC control number | 2004015936 |
| 020 ## - INTERNATIONAL STANDARD BOOK NUMBER | |
| International Standard Book Number | 1405108215 |
| 035 ## - SYSTEM CONTROL NUMBER | |
| System control number | (DNLM)101223615 |
| 040 ## - CATALOGING SOURCE | |
| Original cataloging agency | DNLM/DLC |
| Transcribing agency | DLC |
| Modifying agency | DLC |
| 042 ## - AUTHENTICATION CODE | |
| Authentication code | pcc |
| 050 00 - LIBRARY OF CONGRESS CALL NUMBER | |
| Classification number | RC633 |
| Item number | .P67 2005 |
| 060 10 - NATIONAL LIBRARY OF MEDICINE CALL NUMBER | |
| Classification number | WH 100 |
| Item number | P857 2004 |
| 082 00 - DEWEY DECIMAL CLASSIFICATION NUMBER | |
| Classification number | WH 100 P847a 2005 |
| Edition number | 22 |
| 100 ## - MAIN ENTRY--PERSONAL NAME | |
| Personal name | Edited by A. Victor Hoffbrand; Daniel Catovsky; Edward G.D. Tuddenham |
| 9 (RLIN) | 11292 |
| 245 00 - TITLE STATEMENT | |
| Title | Postgraduate Haematology |
| Statement of responsibility, etc. | . |
| 250 ## - EDITION STATEMENT | |
| Edition statement | 5th ed. |
| 260 ## - PUBLICATION, DISTRIBUTION, ETC. (IMPRINT) | |
| Place of publication, distribution, etc. | Malden, Mass. : |
| Name of publisher, distributor, etc. | Blackwell Pub., |
| Date of publication, distribution, etc. | 2005 |
| 300 ## - PHYSICAL DESCRIPTION | |
| Extent | xiii, 1073 p. : |
| Other physical details | col. ill. ; |
| Dimensions | 29 cm. |
| 504 ## - BIBLIOGRAPHY, ETC. NOTE | |
| Bibliography, etc | Includes bibliographical references and index. |
| 505 0# - FORMATTED CONTENTS NOTE | |
| Formatted contents note | Stem cells and haemopoiesis / Myrtle Gordon -- Erythropoiesis / Douglas Higgs and William Wood -- Iron metabolism, iron deficiency, and disorders of haem synthesis / Mark Worwood and A. Victor Hoffbrand -- Iron overload / A. Victor Hoffbrand and Mark Worwood -- Megaloblastic anaemia / A. Victor Hoffbrand and Ralph Green -- Haemoglobin and the inherited disorders of globin synthesis / David Weatherall -- Sickle cell anaemia / Elliott Vichinsky -- Hereditary disorders of the red cell membrane / Edward Gordon-Smith -- Red cell metabollic disorders / Edward Gordon-Smith -- Acquired haemolytic anaemias / Edward Gordon-Smith and Judith C.W. Marsh -- Paroxysmal nocturnal haemoglobinuria / Lucio Luzzatto and Rosario Notaro -- Inherited aplastic anaemia/bone marrow failure syndromes / Inderjeet Dokal -- Acquired aplastic anaemia, other aquired bone marrow failure disorders, and dyserythropoiesis / Edward Gordon-Smith and Judith Marsh -- Red cell immunohaematology: introduction / Marcela Contreras and Geoff Daniels -- |
| 505 0# - FORMATTED CONTENTS NOTE | |
| Formatted contents note | Antigens in human blood / Marcela Contreras and Geoff Daniels -- Clinical blood transfusion / Marcela Contreras ... [et al.] -- Phagocytic white blood cells / Farhad Ravandi and Ronald Hoffman -- Haemopoietic growth factors / Jenny Byrne and Nigel Russell -- Lysosomal storage disorders / Atul Mehta and Derralynn Hughes -- Normal lymphocytes and non-neoplastic lymphocyte disorders / Mark Drayson and Paul Moss -- The spleen / S. Mitchell Lewis -- Immunodeficiency diseases / David Webster -- Haematology in HIV disease / Christine Costello -- Histocompatibility / Ann-Margaret Little and Steven Marsh, J. Alexandro Madrigal -- Stem cell transplantation / Charles Craddock and Ronjon Chakraverty -- Non-myeloablative transplantation / Kirsty Thomson, Michael Potter, and S. Mackinnon -- Gene therapy for haemopoietic disorders / Rapha�el Rousseau and Malcolm Brenner -- |
| 505 0# - FORMATTED CONTENTS NOTE | |
| Formatted contents note | Molecular basis of leukaemia and lymphoma / Anthony Green ... [et al.] -- Diagnosis and classification of acute leukaemia / Barbara Bain -- Cytogenetics of acute leukaemia / Christine Harrison -- Acute myeloid leukaemia / Alan Burnett -- Adult acute lymphoblastic leukaemia / Dieter Hoelzer and Nicola G�okbuget -- Childhood acute lymphoblastic leukaemia / Der-Cherng Liang and Ching-Hon Pui -- Minimal residual disease in acute leukaemia / Letizia Foroni, Paula Gameiro, and A. Victor Hoffbrand -- Multi-drug resistance in leukaemia / Jean-Pierre Marie and Ollivier Legrand -- Support care in the management of acute leukaemia / Archibald Prentice and Peter J. Donnelly -- Chronic myeloid leukaemia / John M. Goldman and Tariq I. Mughal -- Chronic lymphocytic leukaemia and related B-cell disorders / Daniel Catovsky -- T-cell lymphoproliferative disorders / Estella Matutes -- |
| 505 0# - FORMATTED CONTENTS NOTE | |
| Formatted contents note | Myelodysplastic syndrome / David Oscier and Sally Killick -- Myeloma / H.J.B. Goodman and P.N. Hawkins -- Amyloidosis / Philip Hawkins and Hugh Goodman -- Classification of lymphomas / Peter Isaacson -- Management of Hodgkin's disease / Lynny Yung and David Linch -- Management of non-Hodgkin's lymphoma / I. Avivi and A.H. Goldstone -- Myeloproliferative disorders / Anthony Green and G. Vassiliou -- Normal haemostasis / Geoffrey Kemball-Cook, Edward Tuddenham, and John McVey -- Platelets--structure, function, and physiology / Stephen Watson and Paul Harrison -- Congenital bleeding: X linked disorders and von Willebrand disease / Michael Laffan and Christine Lee -- Congenital bleeding: autosomal recessive deficiencies / Flora Peyvandi and Pier Mannucci -- Acquired coagulation disorders / Michael Nash ... [et al.] -- Thrombotic thrombocytopenic purpura and haemolytic uraemic syndrome (congenital and acquired) / Pier Mannucci -- |
| 505 0# - FORMATTED CONTENTS NOTE | |
| Formatted contents note | Inherited thrombophilia / Isobel Walker -- Acquired venous thrombosis / Beverly Hunt and Michael Greaves -- Management of venous thromboembolism / Sam Schulman -- Congenital platelet disorders / Maurizio Margaglione -- Immune thrombocytopenic purpura (ITP) / April Chiu ... [et al.] -- Athero-thrombosis, thrombolysis & antiplatelet agents / Lucinda Summers, S. Marso, and Peter Grant -- Haematological aspects of systemic disease / Atul Mehta and A. Victor Hoffbrand -- Haematological aspects of tropical diseases / Imelda Bates and Ivy Ekem -- Neonatal haematology / Irene Roberts -- Laboratory practice / S. Mitchell Lewis. |
| 650 #0 - SUBJECT ADDED ENTRY--TOPICAL TERM | |
| Topical term or geographic name as entry element | Hematology |
| General subdivision | Diseases. |
| 9 (RLIN) | 2486 |
| 650 #0 - SUBJECT ADDED ENTRY--TOPICAL TERM | |
| Topical term or geographic name as entry element | Blood cells |
| 9 (RLIN) | 6739 |
| 856 41 - ELECTRONIC LOCATION AND ACCESS | |
| Materials specified | Table of contents |
| Uniform Resource Identifier | http://www.loc.gov/catdir/toc/ecip0420/2004015936.html |
| 906 ## - LOCAL DATA ELEMENT F, LDF (RLIN) | |
| a | 7 |
| b | cbc |
| c | orignew |
| d | 1 |
| e | ecip |
| f | 20 |
| g | y-gencatlg |
| 942 ## - ADDED ENTRY ELEMENTS (KOHA) | |
| Source of classification or shelving scheme | Other/Generic Classification Scheme |
| Koha item type | Short Loan |
| Withdrawn status | Lost status | Source of classification or shelving scheme | Damaged status | Not for loan | Home library | Current library | Date acquired | Source of acquisition | Inventory number | Total Checkouts | Full call number | Barcode | Date last seen | Koha item type |
|---|---|---|---|---|---|---|---|---|---|---|---|---|---|---|
| Other/Generic Classification Scheme | MUST Main Library | MUST Main Library | 26/02/2015 | 06/26769 | WH100 P847a 2005 | 2015-0391 | 26/02/2015 | Short Loan | ||||||
| Other/Generic Classification Scheme | MUST Main Library | MUST Main Library | 26/02/2015 | 07/28943 | WH100 P847a 2005 | 2015-0392 | 26/02/2015 | Short Loan | ||||||
| Other/Generic Classification Scheme | MUST Main Library | MUST Main Library | 26/02/2015 | 06/26771 | WH100 P847a 2005 | 2015-0393 | 26/02/2015 | Short Loan |
